000 00733cam a2200253 a 4500
001 000003443
005 20200929150438.0
008 781124s1979 sp d 000 fcspa
020 _a8473861345
040 _aDO-SdBNP
_cDLC
_dDLC
041 1 7 _aspa
_heng
_2Código de idioma MARC
082 _a813.54
_bH168r, 1979
100 1 _aHaley, Alex.
_910731
245 1 0 _aRaices /
_cAlex Haley.
250 _a6a ed.
260 _aMadrid :
_bUltramar,
_c1979.
300 _a520 p. ;
_c24 cm.
440 0 _aBest-Seller;
_vv. 117
_910732
534 _aTítulo original : Roots
600 1 0 _aHALEY, ALEX.
_910733
650 4 _aNovela estadounidense
_9262
650 4 _aLiteratura estadounidense
_9263
910 _aCatalogación por copia / LC
999 _c3273
_d3273